000 00725nam a2200217 a 4500
001 83169
003 BD-RjUL
005 20240228101747.0
008 240227s13301952ir ||||| |||| 00| 0 per d
035 _a(BD-RjUL)83169
040 _aBD-RjUL
_beng
_cBD-RjUL
041 _aper
082 _223
_a955
_bKIW 1952
100 _aKia,Sadegh ;; کىا٬ صادق
_911942
245 _aواژه نامه گرگانى / Wāžanāma-i Gurgānī /
_cصادق کىا., . Ṣādiq Kīyā
260 _atehran :
_bچاپخانه چهر, Čāpḫāna-i Čihr,
_c1952
300 _a350 p. ;
_c24 cm
490 _aIntišārāt-i Dānišgāh-i Tihrān,
_v133
830 _aIntišārāt-i Dānišgāh-i Tihrān,
_v133
_9367
942 _2ddc
_cBK
999 _c83169
_d83169